Sombras : (Record no. 2257)

MARC details
000 -LEADER
campo de control de longitud fija 01021nas a2200289 i 4500
001 - NÚMERO DE CONTROL
campo de control 2257
003 - IDENTIFICADOR DE NÚMERO DE CONTROL
campo de control ES-MaACL
005 - FECHA Y HORA DE LA ÚLTIMA TRANSACCIÓN
campo de control 20250728030929.0
007 - CAMPO FIJO DE DESCRIPCIÓN FÍSICA--INFORMACIÓN GENERAL
campo de control de longitud fija t|
008 - DATOS DE LONGITUD FIJA--INFORMACIÓN GENERAL
campo de control de longitud fija 950801d19441954sp mr p 0 1 |spa d
022 ## - NÚMERO INTERNACIONAL NORMALIZADO PARA PUBLICACIONES SERIADAS
Número Internacional Normalizado para Publicaciones Seriadas 2480-6706
080 ## - NÚMERO DE LA CLASIFICACIÓN DECIMAL UNIVERSAL
Número de la Clasificación Decimal Universal 77
245 00 - MENCIÓN DEL TÍTULO
Título Sombras :
Resto del título revista mensual de fotografía : órgano oficial de la Real Sociedad Fotográfica /
Mención de responsabilidad, etc. dir., Domingo de Luis.
260 ## - PUBLICACIÓN, DISTRIBUCIÓN, ETC.
Lugar de publicación, distribución, etc. Madrid :
Nombre del editor, distribuidor, etc. Real Sociedad Fotográfica,
Fecha de publicación, distribución, etc. 1944-1954.
300 ## - DESCRIPCIÓN FÍSICA
Extensión 6 v. :
Otras características físicas il., fot. ;
Dimensiones 24 cm.
310 ## - PERIODICIDAD ACTUAL
Periodicidad actual Mensual
362 1# - FECHAS DE PUBLICACIÓN Y/O DESIGNACIÓN SECUENCIAL
Fecha de publicación y/o designación secuencial Año I (jun. 1944)-n. 93 (feb.1954)
530 ## - NOTA DISPONIBLE DE FORMULARIO FÍSICO ADICIONAL
Nota de formato físico adicional disponible Disponible en formato digital.
650 #7 - PUNTO DE ACCESO ADICIONAL DE MATERIA--TÉRMINO DE MATERIA
Término de materia o nombre geográfico como elemento de entrada Fotografía
Fuente del encabezamiento o término embne
9 (RLIN) 12943
650 #4 - PUNTO DE ACCESO ADICIONAL DE MATERIA--TÉRMINO DE MATERIA
Término de materia o nombre geográfico como elemento de entrada Fotografía-
Subdivisión geográfica España.
9 (RLIN) 12950
700 1# - ENTRADA AGREGADA--NOMBRE PERSONAL
Nombre de persona Luis, Domingo de,
Término indicativo de función/relación
9 (RLIN) 194450
710 2# - ENTRADA AGREGADA--NOMBRE DE ENTIDAD CORPORATIVA
Nombre de entidad corporativa o nombre de jurisdicción como elemento de entrada Real Sociedad Fotográfica.
9 (RLIN) 6402
852 4# - LOCALIZACIÓN
Ubicación ES-MaACL
Número de control de estantería HEM-H-393
Encuadernación HEM-1393
Signatura antigua
856 4# - LOCALIZACIÓN Y ACCESO ELECTRÓNICOS
Identificador Uniforme de Recursos <a href="http://www.memoriademadrid.es/buscador.php?accion=VerFicha&id=23486">http://www.memoriademadrid.es/buscador.php?accion=VerFicha&id=23486</a>
Nota pública MemoriadeMadrid
866 #0 - MENCIÓN TEXTUAL DE FONDOS--UNIDAD BIBLIOGRÁFICA BÁSICA
Fondos 1944-49(1950).
Holdings
Estatus retirado Estado de pérdida Estado de daño No para préstamo Colección Biblioteca de origen Biblioteca actual Ubicación en estantería Fecha de adquisición Fuente de adquisición Total de préstamos Signatura topográfica completa Código de barras Visto por última vez Precio de reemplazo Tipo de ítem Koha
        Colección digital Biblioteca del Ateneo de Madrid Biblioteca del Ateneo de Madrid Hemeroteca 17/01/2008     HEM-H-393 1002297 23/02/2023 23/02/2023 Revista